LEADER 00999nam0-2200277 --450 001 9910253451203321 005 20180208161823.0 010 $a978-88-495-3143-5 100 $a20180208d2016----kmuy0itay5050 ba 101 0 $aita 102 $aIT 105 $a 001yy 200 1 $aStrumenti e politiche di salvataggio nella crisi dei debiti sovrani$e(gli interventi della BCE e dei Fondi salva-Stati nello spazio giuridico europeo)$fLuigi Scipione 210 $aNapoli$cEdizioni scientifiche italiane$d2016 215 $a420 p.$d24 cm 225 1 $aQuaderni della Rivista di diritto dell'impresa$v20 610 0 $aBanca centrale europea$aPolitica monetaria$a2008-2016 676 $a332.112094$v23$zita 700 1$aScipione,$bLuigi$0416586 801 0$aIT$bUNINA$gREICAT$2UNIMARC 901 $aBK 912 $a9910253451203321 952 $a21 CB 802$bCP 400$fDDCP 959 $aDDCP 996 $aStrumenti e politiche di salvataggio nella crisi dei debiti sovrani$91504179 997 $aUNINA LEADER 01479nam--2200409---450- 001 990001664080203316 005 20050830165338.0 010 $a960-7905-11-3 035 $a000166408 035 $aUSA01000166408 035 $a(ALEPH)000166408USA01 035 $a000166408 100 $a20040514d2001----km-y0enga50------ba 101 $ager 102 $aGR 105 $a||||||||001yy 200 1 $aElis und Olympia in der Kaiserzeit$edas Leben einer Gesellschaft zwischen Stadt und Heiligtum auf prosopographischer Grundlage$fSophia B. Zoumbaki 210 $aAthen$cKentron ellenikes kai romaikes archaiotetos$d2001 215 $a450 p.$d29 cm. 225 2 $aMeletemata$fResearch centre for Greek and Roman antiquity, National Hellenic research foundation$v32 410 0$12001$aMeletemata$fResearch centre for Greek and Roman antiquity, National Hellenic research foundation$v32 454 1$12001 461 1$1001-------$12001 606 0 $aSocietà$yElide$zSec. 1.-3. 606 0 $aNomi propri$yElide$zSec. 1.-3. 676 $a938.8 700 1$aZOUMBAKI,$bSophia B.$0561780 801 0$aIT$bsalbc$gISBD 912 $a990001664080203316 951 $aIX.3. 93 (X A 574)$b175562 L.M.$cX A$d00137493 959 $aBK 969 $aUMA 979 $aMARIA$b10$c20040514$lUSA01$h1220 979 $aRIVELLI$b90$c20050830$lUSA01$h1651 979 $aRIVELLI$b90$c20050830$lUSA01$h1653 996 $aElis und Olympia in der Kaiserzeit$9942224 997 $aUNISA